书目信息 |
| 题名: |
微型无机及分析化学实验
|
|
| 作者: | 吴茂英 , 余倩 主编 | |
| 分册: | ||
| 出版信息: | 北京 化学工业出版社 2013 |
|
| 页数: | 226页, [2] 页图版 | |
| 开本: | 26cm | |
| 丛书名: | 高等学校“十二五”规划教材 | |
| 单 册: | ||
| 中图分类: | O61-33 , O652.1 | |
| 科图分类: | ||
| 主题词: | 无机化学--wu ji hua xue--化学实验--高等学校--教材 , 分析化学--fen xi hua xue--化学实验--高等学校--教材 | |
| 电子资源: | ||
| ISBN: | 978-7-122-17791-9 | |
| 000 | 01417nam 2200325 450 | |
| 001 | 012001000859 | |
| 005 | 20131106191940.0 | |
| 010 | @a978-7-122-17791-9@dCNY29.00 | |
| 099 | @aCAL 012013126014 | |
| 100 | @a20131028d2013 em y0chiy50 ea | |
| 101 | 0 | @achi |
| 102 | @aCN@b110000 | |
| 105 | @aafk a 000yy | |
| 106 | @ar | |
| 200 | 1 | @a微型无机及分析化学实验@Awei xing wu ji ji fen xi hua xue shi yan@f吴茂英, 余倩主编 |
| 210 | @a北京@c化学工业出版社@d2013 | |
| 215 | @a226页, [2] 页图版@c图 (部分彩图)@d26cm | |
| 225 | 2 | @a高等学校“十二五”规划教材@Agao deng xue xiao “shi er wu ”gui hua jiao cai |
| 320 | @a有书目 (第226页) | |
| 330 | @a本书的实验内容和项目安排与常量实验基本一致, 即绪论、实验室常识、实验室基础知识、基本操作训练实验6个, 基本理论和常数测定实验7个, 元素及其化合物性质实验7个, 无机化合物的提纯、提取和制备实验6个, 分析化学实验15个, 综合性实验8个, 设计性实验7个。 | |
| 333 | @a本书可作为高等院校化学、化工、材料、环境、生物、食品、制药、医药、农学及相关专业的无机及分析化学实验教材或教学参考书。 | |
| 410 | 0 | @12001@a高等学校“十二五”规划教材 |
| 606 | 0 | @a无机化学@Awu ji hua xue@x化学实验@x高等学校@j教材 |
| 606 | 0 | @a分析化学@Afen xi hua xue@x化学实验@x高等学校@j教材 |
| 690 | @aO61-33@v5 | |
| 690 | @aO652.1@v5 | |
| 701 | 0 | @a吴茂英@Awu mao ying@4主编 |
| 701 | 0 | @a余倩@Ayu qian@4主编 |
| 801 | 0 | @aCN@b北京卓展文化@c20191020 |
| 905 | @b1196990-3@dO61-33@e211@f4 | |
| 微型无机及分析化学实验/吴茂英, 余倩主编.-北京:化学工业出版社,2013 |
| 226页, [2] 页图版:图 (部分彩图);26cm.-(高等学校“十二五”规划教材) |
| 使用对象:本书可作为高等院校化学、化工、材料、环境、生物、食品、制药、医药、农学及相关专业的无机及分析化学实验教材或教学参考书。 |
| ISBN 978-7-122-17791-9:CNY29.00 |
| 本书的实验内容和项目安排与常量实验基本一致, 即绪论、实验室常识、实验室基础知识、基本操作训练实验6个, 基本理论和常数测定实验7个, 元素及其化合物性质实验7个, 无机化合物的提纯、提取和制备实验6个, 分析化学实验15个, 综合性实验8个, 设计性实验7个。 |
| ● |
| 相关链接 |
|
|
|
|
正题名:微型无机及分析化学实验
索取号:O61-33/211
 
预约/预借
| 序号 | 登录号 | 条形码 | 馆藏地/架位号 | 状态 | 备注 |
| 1 | 1196990 | 211969903 | 第二样本阅览室/ [索取号:O61-33/211] | 在馆 | |
| 2 | 1196991 | 211969912 | 第三借阅区/ [索取号:O61-33/211] | 在馆 | |
| 3 | 1196992 | 211969921 | 第三借阅区/ [索取号:O61-33/211] | 在馆 | |
| 4 | 1196993 | 211969930 | 第三借阅区/ [索取号:O61-33/211] | 在馆 |